Leasehold enfranchisement and right to manage (Record no. 99176)

MARC details
000 -LEADER
fixed length control field 00552cam a2200193 4500
008 - FIXED-LENGTH DATA ELEMENTS--GENERAL INFORMATION
fixed length control field 090401t2006 xxu||||| |||| 00| 0 eng d
020 ## - INTERNATIONAL STANDARD BOOK NUMBER
International Standard Book Number 0853084262
035 ## - SYSTEM CONTROL NUMBER
System control number (Sirsi) u98446
041 ## - LANGUAGE CODE
Language code of text/sound track or separate title eng
100 ## - MAIN ENTRY--PERSONAL NAME
Personal name Clarke, D.
245 ## - TITLE STATEMENT
Title Leasehold enfranchisement and right to manage
250 ## - EDITION STATEMENT
Edition statement 2nd ed.
260 ## - PUBLICATION, DISTRIBUTION, ETC.
Place of publication, distribution, etc. Bristol
Name of publisher, distributor, etc. Jordans
Date of publication, distribution, etc. 2006
350 ## - PRICE (NR) (BK AM CF MU VM SE) [OBSOLETE]
Price 32.50
520 ## - SUMMARY, ETC.
Summary, etc. Due for publication Oct. 2009 Supersedes "Leasehold enfranchisement: the new law" (ISBN 0853082111).
700 ## - ADDED ENTRY--PERSONAL NAME
Personal name Wells, Andrew
942 ## - ADDED ENTRY ELEMENTS (KOHA)
Suppress in OPAC 0
948 ## - LOCAL PROCESSING INFORMATION (OCLC); SERIES PART DESIGNATOR (RLIN)
c (OCLC) 09/06/1997

No items available.